SEC Men's Basketball Players of the Year - Statistics

General Stats
  • This quiz has been taken 53 times
    10 since last reset
  • The average score is 19 of 77
Answer Stats
Year Player College Current Team % Correct
2024 Dalton Knecht Tennessee Los Angeles Lakers
100%
2025 Johni Broome Auburn Philadelphia 76ers
90%
2023 Brandon Miller Alabama Charlotte Hornets
80%
2026 Darius Acuff Jr. Arkansas Arkansas Razorbacks
70%
2022 Oscar Tshiebwe Kentucky Utah Jazz / Salt Lake City Stars
60%
2012 Anthony Davis Kentucky Washington Wizards
50%
2021 Herbert Jones Alabama New Orleans Pelicans
50%
2006 Glen Davis LSU Indicted
40%
2019 Grant Williams Tennessee Charlotte Hornets
40%
2018 Grant Williams Tennessee Charlotte Hornets
40%
2020 Immanuel Quickley Kentucky Toronto Raptors
40%
1992 Shaquille O'Neal LSU Retired
40%
1991 Shaquille O'Neal LSU Retired
40%
2010 John Wall Kentucky Retired
30%
2017 Malik Monk Kentucky Sacramento Kings
30%
2020 Mason Jones Arkansas Hong Kong Bulls - China
30%
2016 Tyler Ulis Kentucky Arkansas Razorbacks - (Assistant Coach)
30%
1977 Bernard King Tennessee Retired
20%
1976 Bernard King Tennessee Retired
20%
1975 Bernard King Tennessee Retired
20%
1993 Billy McCaffrey Vanderbilt Retired
20%
2015 Bobby Portis Arkansas Milwaukee Bucks
20%
2005 Brandon Bass LSU Retired
20%
2011 Chandler Parsons Florida Retired
20%
1984 Charles Barkley Auburn Retired
20%
1990 Chris Jackson LSU Retired
20%
1989 Chris Jackson LSU Retired
20%
2007 Chris Lofton Tennessee Retired
20%
1999 Chris Porter Auburn Retired
20%
1995 Corliss Williamson Arkansas San Antonio Spurs - (Assistant Coach)
20%
1994 Corliss Williamson Arkansas San Antonio Spurs - (Assistant Coach)
20%
1983 Dale Ellis Tennessee Retired
20%
1982 Dale Ellis Tennessee Retired
20%
1987 Derrick McKey Alabama Retired
20%
1977 Ernie Grunfeld Tennessee Retired
20%
1993 Jamal Mashburn Kentucky Retired
20%
2003 Keith Bogans Kentucky Retired
20%
1986 Kenny Walker Kentucky Retired
20%
1985 Kenny Walker Kentucky Retired
20%
2013 Kentavious Caldwell-Pope Georgia Memphis Grizzlies
20%
1975 Kevin Grevey Kentucky Retired
20%
1973 Kevin Grevey Kentucky Retired
20%
1980 Kyle Macy Kentucky Retired
20%
2004 Lawrence Roberts Mississippi State Retired
20%
2009 Marcus Thornton LSU Retired
20%
1966 Pat Riley Kentucky Miami Heat - (President)
20%
1970 Pete Maravich LSU Deceased
20%
1969 Pete Maravich LSU Deceased
20%
1968 Pete Maravich LSU Deceased
20%
1979 Reggie King Alabama Retired
20%
1978 Reggie King Alabama Retired
20%
2020 Reggie Perry Mississippi State Beijing Royal Fighters - China
20%
1997 Ron Mercer Kentucky Retired
20%
2003 Ron Slay Tennessee Retired
20%
2014 Scottie Wilbekin Florida Fenerbahçe S.K. - Turkey
20%
2008 Shan Foster Vanderbilt Retired
20%
2017 Sindarius Thornwell South Carolina Xinjiang Flying Tigers - China
20%
2000 Stromile Swift LSU Retired
20%
2001 Tayshaun Prince Kentucky Memphis Grizzlies - (Vice President of Basketball Affairs)
20%
1972 Tom Parker Kentucky Retired
20%
1996 Tony Delk Kentucky Retired
20%
2018 Yante Maten Georgia San-en NeoPhoenix - Japan
20%
1998 Ansu Sesay Ole Miss Retired
10%
1966 Clyde Lee Vanderbilt Retired
10%
1965 Clyde Lee Vanderbilt Retired
10%
2000 Dan Langhi Vanderbilt Retired
10%
2007 Derrick Byars Vanderbilt Retired
10%
1981 Dominique Wilkins Georgia Atlanta Hawks - (Vice President of Basketball Operations)
10%
2002 Erwin Dudley Alabama Retired
10%
1974 Jan van Breda Kolff Vanderbilt Retired
10%
1983 Jeff Malone Mississippi State Retired
10%
1971 Johnny Neumann Ole Miss Deceased
10%
1972 Mike Edwards Tennessee Retired
10%
1967 Ron Widby Tennessee Deceased
10%
1987 Tony White Tennessee Retired
10%
1973 Wendell Hudson Alabama Retired
10%
1988 Will Perdue Vanderbilt Retired
10%
No matching quizzes found
Score Distribution
Percent of People with Each Score
Percentile by Number Answered
Your Score History
You have not taken this quiz since the last reset